00479cam a2200181ua 45000010006000000050017000060080039000230200018000620400009000800820008000891000031000972450049001282500012001772600042001893000010002316530024002416530032002651174020260515114808.0191031n ii |||gr||||Z||||||asm a9788172133283 cMAIN a896 a Karabi Hazarika,eAuthor. aAfrican American sahityacBy Karabi Hazarika a1st ed. aGuwahati:bPurbanchal Prakash,c2017. a176p. aAfrican literatures aAfrican American Literature